|
|
|
|
| LEADER |
00000nam0a2200000 4500 |
| 001 |
144699 |
| 005 |
20240805162611.0 |
| 035 |
|
|
|a (RuTPU)RU\TPU\book\156821
|
| 090 |
|
|
|a 144699
|
| 100 |
|
|
|a 20081007d1985 m y0rusy5003 ca
|
| 101 |
0 |
|
|a rus
|
| 102 |
|
|
|a RU
|
| 105 |
|
|
|a y z 000ay
|
| 200 |
1 |
|
|a Геологическая поэма
|e роман
|f В. Г. Митыпов
|
| 210 |
|
|
|a Москва
|c Современник
|d 1985
|
| 215 |
|
|
|a 560 с.
|d 20 см
|
| 225 |
1 |
|
|a Новинки "Современника"
|
| 606 |
1 |
|
|a Русская литература современная
|9 50316
|
| 610 |
1 |
|
|a советская литература
|
| 610 |
1 |
|
|a романы
|
| 610 |
1 |
|
|a геологи
|
| 610 |
1 |
|
|a СССР
|
| 675 |
|
|
|a Р2
|v 4
|
| 700 |
|
1 |
|a Митыпов
|b В. Г.
|g Владимир Гомбожанович
|4 070
|
| 801 |
|
0 |
|a RU
|b RuMRKP
|c 19950704
|g psbo
|
| 801 |
|
1 |
|a RU
|b 63413507
|c 20081007
|g PSBO
|
| 801 |
|
2 |
|a RU
|b 63413507
|c 20141128
|g PSBO
|
| 942 |
|
|
|c BK
|